Nommez ces mannequins - Statistiques

Statistiques générales
  • Ce quiz a été pris 435 fois
  • Le résultat moyen est 10 sur 28
Statistiques - réponses
Par images Réponse % Correct
Kendall Jenner
81%
Bella Hadid
80%
Carla Bruni
73%
Gigi Hadid
73%
Naomi Campbell
66%
Adriana Lima
64%
Gisele Bündchen
59%
Kate Moss
58%
Irina Shayk
40%
Adriana Karembeu
37%
Cara Delevingne
36%
Cindy Crawford
35%
Laetitia Casta
35%
Heidi Klum
34%
Claudia Schiffer
32%
Alessandra Ambrosio
29%
Tyra Banks
29%
Emily Ratajkowski
24%
Miranda Kerr
20%
Candice Swanepoel
17%
Doutzen Kroes
13%
Twiggy
9%
Christy Turlington
7%
Karen Mulder
7%
Elle Macpherson
6%
Helena Christensen
6%
Karolína Kurková
6%
Stephanie Seymour
3%
Aucun quiz correspondant
Distribution des résultats
% des personnes avec chaque résultat
Percentile par nombre de réponses
Votre historique - résultats
Vous n’avez pas pris ce quiz